| 000 | 01028nam a2200253 a 4500 | ||
|---|---|---|---|
| 001 | 84030 | ||
| 003 | BD-RjUL | ||
| 005 | 20240924133302.0 | ||
| 008 | 240924s2005 bg a|||| m||| 00| 0 eng d | ||
| 035 | _a(BD-RjUL)84030 | ||
| 040 |
_aBD-RjUL _beng _cBD-RjUL _dBD-RjUL |
||
| 041 | _aeng | ||
| 082 |
_223 _a658.93354 _bARS 2005 |
||
| 100 |
_aArafin, Shaikh Shamsul _99863 |
||
| 245 | 1 | 0 |
_aStrategic Management of Jute Mills, in Khulna Zone / _cBy Shaikh Shamsul Arafin ; _6Co-Supervisor : M. Shah Nowaz Ali, Supervisor : Abhinaya Chandra Saha |
| 260 |
_aRajshahi : _bInstitute of Bangladesh Studies, University of Rajshahi, _c2005 |
||
| 300 |
_axxvi, 471, [44], vi, Leaves : _bill, ; _c29 cm. |
||
| 502 | _aThesis (Ph. D.) -- Institute of Bangladesh Studies, University of Rajshahi, 2005 | ||
| 504 | _aBibliography : Leaves [458]-471 | ||
| 650 |
_aManagement _vStrategic _zKhulna District _913582 |
||
| 700 |
_aAli, M. Shah Nowaz, Co-Supervisor _913583 |
||
| 700 |
_aSaha, Abhinaya Chandra, Supervisor _91668 |
||
| 942 |
_2ddc _cTHE |
||
| 999 |
_c84030 _d84030 |
||